Catalog

Record Details

Catalog Search



Odvrácená tvář palestinsko-izraelských vztahů / Yehuda Lahav

Summary:

Analýza násilných střetů mezi dvěma národy žijícími na nevelkém území dnešního Izraele jsou od samého vzniku židovského státu napjaté, což občas vyústilo do válečného konfliktu nebo teroristických akcí, které připravily o život náhodně zasažené civilisty. Lahav dochází k závěru, že obě strany jsou pevně přesvědčeny, že jsou v právu, proto dle jejich názoru všechna vina za násilí padá na druhou stranu konfliktu.
Články, které prostřednictvím výkladu jednotlivých vojensko-politických událostí odhalují příčiny násilí na Blízkém východě.

Record details

  • ISBN: 80-86103-91-9 (brož.) :
  • Physical Description: 89 s. ; 18 cm
  • Edition: Vyd. 1.
  • Publisher: Praha : G plus G, 2006

Content descriptions

General Note:
Chronologický přehled
600 výt.

Available copies

  • 2 of 2 copies available at Common Catalog SPOK.

Holds

  • 0 current holds with 2 total copies.
Show Only Available Copies
Location Call Number / Copy Notes Barcode Shelving Location Status Due Date
Terezin Initiative Institute 5177 4594305177 Knihovna ITI Available -
The Jewish community of Prague J 1404 4638303209 J - Judaika Available -

LDR 02247nam a2200505 a 4500
00127625
003CZ-PrJAB
00520221026132009.0
008060607s2006 xr gr 000 0 cze
015 . ‡acnb001658448
020 . ‡a80-86103-91-9 (brož.) : ‡cKč 149,00
035 . ‡a(CONS)2447
035 . ‡a(CZ PrSKC)nkc20061658448
035 . ‡a(OCoLC)85723511
040 . ‡aABA001 ‡bcze
080 . ‡a94(569.4-076) ‡2MRF
080 . ‡a2-674 ‡2MRF
080 . ‡a316.482 ‡2MRF
080 . ‡a(5-15) ‡2MRF
080 . ‡a(046) ‡2MRF
080 . ‡a(0.072) ‡2MRF
1001 . ‡aLahav, Yehuda, ‡d1930-2010 ‡7js20030512012 ‡4aut
24510. ‡aOdvrácená tvář palestinsko-izraelských vztahů / ‡cYehuda Lahav
250 . ‡aVyd. 1.
260 . ‡aPraha : ‡bG plus G, ‡c2006
300 . ‡a89 s. ; ‡c18 cm
500 . ‡aChronologický přehled
500 . ‡a600 výt.
5209 . ‡aAnalýza násilných střetů mezi dvěma národy žijícími na nevelkém území dnešního Izraele jsou od samého vzniku židovského státu napjaté, což občas vyústilo do válečného konfliktu nebo teroristických akcí, které připravily o život náhodně zasažené civilisty. Lahav dochází k závěru, že obě strany jsou pevně přesvědčeny, že jsou v právu, proto dle jejich názoru všechna vina za násilí padá na druhou stranu konfliktu.
5209 . ‡aČlánky, které prostřednictvím výkladu jednotlivých vojensko-politických událostí odhalují příčiny násilí na Blízkém východě.
8524 . ‡bJACH-ITI ‡bJACH-ITI ‡cKnihovna ITI ‡j5177 ‡p5177 ‡y$0.00
910 . ‡aABE340 ‡b5177
910 . ‡aABE461
995 . ‡aska
901 . ‡a27625 ‡bISxN ‡c27625 ‡tbiblio

Additional Resources